Theatrum excellentiarum SS. Deipara ex consociatione excellentiaru SVI Filii (Record no. 10922)

MARC details
000 -CABECERA
campo de control de longitud fija 01264nam a22002297a 4500
001 - NÚMERO DE CONTROL
campo de control BRCA_9300
003 - IDENTIFICADOR DEL NÚMERO DE CONTROL
campo de control FranzMayer
005 - FECHA Y HORA DE LA ÚLTIMA TRANSACCIÓN
campo de control 20230726140736.0
008 - DATOS DE LONGITUD FIJA--INFORMACIÓN GENERAL
campo de control de longitud fija 230726b |||||||| |||| 00| 0 eng d
040 ## - FUENTE DE LA CATALOGACIÓN
Centro catalogador/agencia de origen MFM
Lengua de catalogación esp
Centro/agencia transcriptor MFM
050 #4 - SIGNATURA TOPOGRÁFICA DE LA BIBLIOTECA DEL CONGRESO
Número de clasificación CO2
Número de documento/Ítem P46
100 1# - ENTRADA PRINCIPAL--NOMBRE DE PERSONA
Código de función/relación Autor
Nombre de persona Philippus de Convelt, Martinus
9 (RLIN) 28986
240 1# - TÍTULO UNIFORME
Título uniforme Theatrum excellentiarum SS. Deipara ex consociatione excellentiaru SVI Filii
Medio Virginum ac Matrum maximae clientum tuorum minimus L.M.Q.D.C
Lenguaje de la obra Latin
245 0# - MENCIÓN DE TÍTULO
Título Theatrum excellentiarum SS. Deipara ex consociatione excellentiaru SVI Filii
Resto del título Virginum ac Matrum maximae clientum tourum minimus L.M.Q.D.C
300 ## - DESCRIPCIÓN FÍSICA
Extensión 443 P
Dimensiones 33 cm.
500 ## - NOTA GENERAL
Nota general El libro no contiene la información relacionada a lugar de publicación, año de emisión o entidad encargada de la misma.
500 ## - NOTA GENERAL
Nota general Con marca de fuego: pertenecientes a Oratorianas MFM-8002 de la Congregación del Oratorio de san Felipe Neri
650 1# - PUNTO DE ACCESO ADICIONAL DE MATERIA--TÉRMINO DE MATERIA
Fuente del encabezamiento o término Drama
Término de materia o nombre geográfico como elemento de entrada Representaciones dramáticas
Subdivisión de forma Teatro
9 (RLIN) 28987
651 2# - PUNTO DE ACCESO ADICIONAL DE MATERIA--NOMBRE GEOGRÁFICO
Fuente del encabezamiento o término Teatros
Nombre geográfico Normas de teatro
Subdivisión de forma Estándares teatrales
9 (RLIN) 28988
856 ## - LOCALIZACIÓN Y ACCESO ELECTRÓNICOS
Especificación de materiales http://www.marcasdefuego.buap.mx:8180/xmLibris/projects/firebrand/item.jsp?repository=marcas_de_fuego&map=1&key=marcas_de_fuego_oratorianas_20131206141204_98e1.xml&num=3
942 ## - ELEMENTOS DE PUNTO DE ACCESO ADICIONAL (KOHA)
Fuente del sistema de clasificación o colocación Library of Congress Classification
Tipo de ítem Koha Libros
Holdings
Estado de retiro Estado de pérdida Fuente del sistema de clasificación o colocación Estado dañado No para préstamo Código de colección Localización permanente Ubicación/localización actual Fecha de adquisición Fuente de adquisición Total de préstamos Signatura topográfica completa Código de barras Fecha visto por última vez Precio válido a partir de Tipo de ítem Koha
El ejemplar forma parte de la colección y puede ser consultado según las políticas vigentes.   Library of Congress Classification     Conventual Franz Mayer Biblioteca del Museo Franz Mayer (Rogerio Casas-Alatriste) Biblioteca del Museo Franz Mayer (Rogerio Casas-Alatriste) 26/07/2023 Donación   CO2 P46 CFM00536 26/07/2023 26/07/2023 Libros